000 00683nam a2200277Ia 4500
005 20260121124825.0
008 008 260114s9999 xx 000 0 eng d
020 _a9780674061156
037 _aEBOOK
040 _aCRL
040 _beng
040 _cCRL
041 _2eng
041 _aeng
084 _qCRL
100 _aNair, Neeti
_9982594
245 0 _aChanging Homelands: Hindu Politics and the Partition of India
260 _bWalter de Gruyter
260 _bWalter de Gruyter
260 _c2011
650 _aHistory
_9982595
856 _uhttp://www.degruyter.com/isbn/9780674061156
942 _cEBOOK
999 _c1557398
_d1557398